Every MLB Player to Hit a Home Run in 2025 - AL - Statistics

General Stats
  • This quiz has been taken 169 times
    68 since last reset
  • The average score is 90 of 258
Answer Stats
Team Player % Correct
NYY Aaron Judge
92%
NYY Anthony Volpe
76%
NYY Austin Wells
74%
NYY Jazz Chisholm Jr.
72%
NYY Trent Grisham
72%
NYY Ben Rice
70%
NYY Cody Bellinger
70%
TOR Vladimir Guerrero Jr.
70%
NYY Giancarlo Stanton
68%
TOR George Springer
66%
CLE Jose Ramirez
66%
TOR Alejandro Kirk
64%
TOR Bo Bichette
64%
BAL Gunnar Henderson
64%
BOS Jarren Duran
64%
KC Bobby Witt Jr.
62%
TOR Ernie Clement
62%
TB Junior Caminero
62%
NYY Paul Goldschmidt
62%
BAL Adley Rutschman
60%
HOU Cam Smith
60%
TEX Corey Seager
60%
TEX Josh Smith
60%
LAA Mike Trout
60%
HOU Yainer Diaz
60%
TB Yandy Diaz
60%
TEX Adolis Garcia
58%
CLE Bo Naylor
58%
TB Brandon Lowe
58%
MIN Byron Buxton
58%
NYY Jasson Dominguez
58%
TB Josh Lowe
58%
SEA Josh Naylor
58%
SEA Julio Rodriguez
58%
BOS Rafael Devers
58%
BOS Alex Bregman
56%
SEA Cal Raleigh
56%
TOR Daulton Varsho
56%
CLE Johnathan Rodriguez
56%
TB Jose Caballero
56%
KC Maikel Garcia
56%
DET Riley Greene
56%
CLE Steven Kwan
56%
TOR Andres Gimenez
54%
BAL Jackson Holliday
54%
ATH Jacob Wilson
54%
KC Salvador Perez
54%
BOS Trevor Story
54%
DET Wenceel Perez
54%
DET Javier Baez
52%
HOU Jose Altuve
52%
TEX Marcus Semien
52%
ATH Nick Kurtz
52%
BOS Wilyer Abreu
52%
HOU | MIN Carlos Correa
50%
HOU Christian Walker
50%
HOU Jeremy Pena
50%
NYY Ryan McMahon
50%
BAL Ryan Mountcastle
50%
TOR Addison Barger
48%
ATH Brent Rooker
48%
BOS Ceddanne Rafaela
48%
BAL Gary Sanchez
48%
TEX Josh Jung
48%
ATH Lawrence Butler
48%
CHW Luis Robert
48%
BOS Roman Anthony
48%
DET Spencer Torkelson
48%
LAA Taylor Ward
48%
TEX Wyatt Langford
48%
HOU Yordan Alvarez
48%
LAA Zach Neto
48%
TOR Anthony Santander
46%
BAL Cedric Mullins
46%
DET Gleyber Torres
46%
LAA Jo Adell
46%
MIN Royce Lewis
46%
KC Vinnie Pasquantino
46%
BOS Carlos Narvaez
44%
SEA Jorge Polanco
44%
BOS Kristian Campbell
44%
BOS Marcelo Mayer
44%
TOR Nathan Lukes
44%
NYY Oswaldo Cabrera
44%
ATH Shea Langeliers
44%
MIN Austin Martin
42%
CLE Brayan Rocchio
42%
MIN Brooks Lee
42%
TOR Davis Schneider
42%
TEX Evan Carter
42%
DET Jahmai Jones
42%
SEA J.P. Crawford
42%
DET Kerry Carpenter
42%
CLE Nolan Jones
42%
CHW Andrew Benintendi
40%
BAL Colton Cowser
40%
DET Dillon Dingler
40%
TEX Jonah Heim
40%
CLE Kyle Manzardo
40%
LAA Logan O'Hoppe
40%
BOS Masataka Yoshida
40%
SEA Randy Arozarena
40%
BOS Romy Gonzalez
40%
ATH Tyler Soderstrom
40%
SEA Eugenio Suarez
38%
HOU Isaac Paredes
38%
CLE Jhonkensy Noel
38%
BAL Jordan Westburg
38%
KC Kyle Isbel
38%
MIN Ryan Jeffers
38%
BAL Ryan O'Hearn
38%
BOS Triston Casas
38%
BAL Alex Jackson
36%
CLE Carlos Santana
36%
CLE David Fry
36%
CLE Gabriel Arias
36%
TEX Jake Burger
36%
ATH Luis Urias
36%
LAA Nolan Schanuel
36%
BAL | HOU Ramon Urias
36%
MIN Ty France
36%
BAL Tyler O'Neill
36%
CHW Andrew Vaughn
34%
CLE Angel Martinez
34%
TB Danny Jansen
34%
MIN Matt Wallner
34%
CHW Miguel Vargas
34%
TOR Myles Straw
34%
DET Zach McKinstry
34%
CLE Austin Hedges
32%
HOU Brendan Rodgers
32%
LAA Christian Moore
32%
BAL Coby Mayo
32%
ATH Colby Thomas
32%
TB Curtis Mead
32%
BOS David Hamilton
32%
NYY D.J. LeMahieu
32%
SEA Dylan Moore
32%
HOU Jake Meyers
32%
TB Jonathan Aranda
32%
KC Jonathan India
32%
TEX Kyle Higashioka
32%
CLE Lane Thomas
32%
SEA Mitch Garver
32%
TB Taylor Walls
32%
DET Colt Keith
30%
LAA Jorge Soler
30%
CHW Lenyn Sosa
30%
NYY Oswald Peraza
30%
DET Parker Meadows
30%
MIN Trevor Larnach
30%
DET Trey Sweeney
30%
LAA Yoan Moncada
30%
SEA Cole Young
28%
CLE Daniel Schneemann
28%
SEA Dominic Canzone
28%
KC Jac Caglianone
28%
ATH JJ Bleday
28%
TEX Joc Pederson
28%
MIN Kody Clemens
28%
CHW Kyle Teel
28%
DET Andy Ibanez
26%
HOU Chas McCormick
26%
MIN Edouard Julien
26%
DET Jake Rogers
26%
LAA Luis Rengifo
26%
ATH Max Muncy
26%
SEA | TEX Rowdy Tellez
26%
LAA Travis d'Arnaud
26%
TOR Tyler Heineman
26%
MIN Willi Castro
26%
CHW Brooks Baldwin
24%
NYY J.C. Escarra
24%
BAL Jorge Mateo
24%
ATH Miguel Andujar
24%
BOS Rob Refsnyder
24%
CHW Austin Slater
22%
CHW Chase Meidroth
22%
LAA Chris Taylor
22%
TB Jake Mangum
22%
TOR Joey Loperfido
22%
TB Kameron Misner
22%
CHW Michael A. Taylor
22%
KC Michael Massey
22%
ATH Denzel Clarke
20%
KC Freddy Fermin
20%
MIN Harrison Bader
20%
BAL Heston Kjerstad
20%
CHW Josh Rojas
20%
TOR Leo Jimenez
20%
HOU Mauricio Dubon
20%
KC Mike Yastrzemski
20%
KC M.J. Melendez
20%
BAL Ramon Laureano
20%
KC Adam Frazier
18%
SEA Ben Williamson
18%
TB Christopher Morel
18%
TEX Dustin Harris
18%
SEA | TEX Leody Taveras
18%
MIN Luke Keaschall
18%
SEA Luke Raley
18%
CHW Mike Tauchman
18%
ATH Seth Brown
18%
HOU Victor Caratini
18%
BOS Abraham Toro
16%
MIN | TOR Alan Roden
16%
MIN Christian Vazquez
16%
KC John Rave
16%
TB Nick Fortes
16%
TEX Sam Haggerty
16%
KC Cavan Biggio
14%
KC Drew Waters
14%
LAA Kyren Paris
14%
DET Matt Vierling
14%
TEX Michael Helman
14%
KC Randal Grichuk
14%
TEX Alejandro Osuna
12%
CLE C.J. Kayfus
12%
MIN Jose Miranda
12%
CHW Joshua Palacios
12%
DET Justyn-Henry Malloy
12%
ATH Max Schuemann
12%
KC Nick Loftin
12%
ATH Austin Wynns
10%
HOU Brice Matthews
10%
ATH Darell Hernaiz
10%
BAL Dylan Carlson
10%
TB Ha-Seong Kim
10%
KC Mark Canha
10%
LAA Matthew Lugo
10%
SEA Miles Mastrobuoni
10%
SEA Ryan Bliss
10%
HOU Shay Whitcomb
10%
TOR Jonatan Clase
8%
NYY Jorbit Vivas
8%
LAA Kevin Newman
8%
CHW Ryan Noda
8%
KC Tyler Tolbert
8%
HOU Zach Dezenzo
8%
BAL Chadwick Tromp
6%
MIN DaShawn Keirsey Jr.
6%
SEA Donovan Solano
6%
LAA LaMonte Wade Jr.
6%
KC Luke Maile
6%
CHW Matt Thaiss
6%
MIN Ryan Fitzgerald
6%
HOU Taylor Trammell
6%
CHW Tim Elko
6%
HOU Zack Short
6%
HOU Cooper Hummel
4%
CHW Nick Maton
4%
LAA Gustavo Campero
2%
ATH Willie MacIver
2%
No matching quizzes found
Score Distribution
Percent of People with Each Score
Percentile by Number Answered
Your Score History
You have not taken this quiz since the last reset